| 000 | 00497 a2200169 4500 | ||
|---|---|---|---|
| 003 | Nust | ||
| 005 | 20251015122351.0 | ||
| 040 | _cNust | ||
| 082 | _a621.382 | ||
| 100 |
_aKhan , Yar Haider Major (TE-18) _9131141 |
||
| 245 |
_aNew trends in HF and VHF antennas / _cMaj Haider Yar Khan, Capt Hamid Mahmud, Aslam Sheikh, Capt Mohsin Amir and Capt Zafar Iqbal |
||
| 260 |
_aUET, Lahore _bMCS _c1986 |
||
| 300 | _a39p | ||
| 650 |
_aUG Projects _998716 |
||
| 651 |
_aTE-18 _9131136 |
||
| 942 |
_cPR _2ddc |
||
| 999 |
_c182579 _d182579 |
||